National Awards of Trinidad & Tobago - Statistics

General Stats
  • This quiz has been taken 4 times
  • The average score is 3 of 5
Answer Stats
Answer % Correct
Chaconia Medal of the Order of the Trinity
100%
Hummingbird Medal of the Order of the Trinity
75%
Medal for the Development of Women of the Order of the Trinity
25%
Order of the Republic of Trinidad and Tobago
25%
Public Service Medal of Merit of the Order of the Trinity
25%
No matching quizzes found
Score Distribution
Percent of People with Each Score
Percentile by Number Answered
Your Score History
You have not taken this quiz